Anorganická a fysikální chemie : učebnice pro lékařské fakulty

Saved in:
Bibliographic Details
Main Author Richter, Antonín Felix, 1896-1979 (Author)
Format Book
LanguageCzech
Published Praha : Státní zdravotnické nakladatelství, 1960
Edition1. vyd.
Subjects
Physical Description545 s.

Cover

LEADER 00000cam a22000007a 4500
001 1368
003 CZ-ZlUTB
005 20190825231413.0
008 011001s1960 xr |||||r|||||||||||cze|d
040 |a ZLD002  |b cze  |c ZLD002  |d ZLD002 
080 |a 546  |2 v 
100 1 |a Richter, Antonín Felix,  |d 1896-1979  |7 jk01102459  |4 aut 
245 1 0 |a Anorganická a fysikální chemie :  |b učebnice pro lékařské fakulty 
250 |a 1. vyd. 
260 |a Praha :  |b Státní zdravotnické nakladatelství,  |c 1960 
300 |a 545 s. 
650 0 4 |a Anorganická chemie 
650 0 7 |a atomy  |7 ph170602  |2 czenas 
650 0 4 |a Fyzikální chemie 
650 0 7 |a lékařství  |7 ph115195  |2 czenas 
655 7 |a učebnice  |7 fd133770  |2 czenas 
910 |a ZLD002 
952 |0 0  |1 0  |4 0  |6 546RICHTERAF  |7 0  |8 BOOK  |9 1862  |a UTBZL  |b UTBZL  |c 006  |d 2006-07-29  |i 74954  |l 3  |o 546/RICHTER,A.F.  |p 420010074954  |r 2019-08-25 00:00:00  |v 48.00  |w 2019-08-25  |x 20100831  |y 04 
992 |a BK  |b SK  |d 3 
999 |c 1368  |d 1368